000 00582 a2200193 4500
999 _c3205
_d3205
020 _a9781868538522
050 _aHQ 796 GOU 2000
100 _aGouws, Eldrie
_eauthor
245 _aThe Adolescent/
_c Eldrie Gouws, Nick Kruger and Sanet Burger
250 _a2nd. ed.
_bedited by Dorothy Snyman.
264 _aCape Town:
_bHeinemann Publishers;
_cc 2000.
300 _a204p.
500 _aIncludes index
650 _aAdolescence
700 _aKruger, Nicky
_eauthor
700 _aBurger, Sanet
_eauthor
700 _aSnyman, Dorothy
_eeditor
942 _2lcc
_cBK
_e2nd.
_h796
_iGOU
_kHQ